Tilastot visalle Sanat - "Tivolit" - Behm

Klikkaa tästä pelataksesi tätä visaa!

Yleistilastot

  • Tätä visaa on pelattu 106 kertaa
  • Keskiarvotulos 146 / 194

Vastaustilastot

Vastaus% Oikein
97%
97%
tivolit
97%
ei
95%
missä
95%
paikkaa
95%
vaihda
95%
me
92%
sinne
92%
niin
89%
sut
86%
viedä
86%
et
84%
haluis
84%
haluisin
84%
jo
81%
jos
81%
Jos
81%
siellä
81%
meidän
78%
tiellä
78%
en
76%
epävarmuus
76%
ois
76%
kuin
70%
muut
65%
Hei
62%
ikinä
62%
irti
62%
mua
62%
mut
62%
pidä
62%
sun
62%
taas
62%
tiedä
62%
vain
62%
voi
62%
älä
59%
etten
59%
herätä
59%
kiinni
59%
mulle
59%
myöntää
59%
oikeella
59%
ollaan
59%
ollaanko
59%
oltais
59%
oon
59%
päästäisi
59%
saisin
59%
aamuisin
57%
eläisin
57%
etsivä
57%
että
57%
hetken
57%
huutaa
57%
käykin
57%
mitään
57%
mun
57%
niillä
57%
perään
57%
puhumaan
57%
sanat
57%
sanoisin
57%
se
57%
silti
57%
avaisin
54%
kauniimpaa
54%
löytäis
54%
piirretty
54%
silmät
54%
veteen
54%
eteen
51%
joka
51%
luvataan
51%
ovella
51%
pois
51%
pudotaan
51%
puoliksi
51%
pysähdyn
51%
vahvistaa
51%
vauhdista
51%
vielä
51%
viiva
51%
katseella
49%
pidänkö
49%
yhdessä
49%
kysyt
46%
meillekin
46%

Tulosjakauma

Persentiili vastausten määrän mukaan

Jokaisen tuloksen saaneiden osuus

Tuloshistoriasi

Et ole pelannut tätä visaa